[Event "1er festival tournois fermés EB"]
[Site "?"]
[Date "2013.10.30"]
[Round "6"]
[White "Merlet, François"]
[Black "Alard, Pierre"]
[Result "1/2-1/2"]
[WhiteElo "1635"]
[BlackElo "1793"]
[PlyCount "71"]

1. d4 d6 2. c3 Bg4 3. Qb3 Qc8 4. e4 Nc6 5. f3 Bd7 6. Bb5 e6 7. Ne2 Be7 8. O-O
Nf6 9. Bg5 O-O 10. Bxc6 bxc6 11. Kh1 Rb8 12. Qc2 Rb5 13. f4 h6 14. Bh4 Rh5 15.
Bxf6 Bxf6 16. e5 Bh4 17. g4 Rg5 18. fxg5 Bxg5 19. Nd2 c5 20. Nf3 Bc6 21. Kg1
Be3+ 22. Kg2 f5 23. h3 Be4 24. Qd1 fxg4 25. hxg4 h5 26. gxh5 Qd8 27. Ng3 Bc6
28. Qd3 Qg5 29. Qg6 Qh4 30. Rae1 cxd4 31. cxd4 Rxf3 32. Rxf3 Bxf3+ 33. Kxf3
Qf4+ 34. Kg2 Qf2+ 35. Kh3 Qxe1 36. Qe8+ 1/2-1/2

[Event "1er festival tournois fermés EB"]
[Site "?"]
[Date "2013.10.30"]
[Round "6"]
[White "Boizante, Yvain"]
[Black "Bordas, Laurent"]
[Result "1-0"]
[WhiteElo "2190"]
[BlackElo "1556"]
[PlyCount "58"]

1. d4 d5 2. c4 e6 3. Nc3 Nf6 4. Nf3 Nbd7 5. c5 c6 6. Bf4 Be7 7. e3 O-O 8. Bd3
b5 9. Qc2 b4 10. Ne2 a5 11. a3 Bb7 12. axb4 axb4 13. O-O h6 14. Ra4 Nh5 15.
Rxb4 Nxf4 16. exf4 Qc7 17. Ne5 Nxe5 18. fxe5 Ba6 19. Bxa6 Rxa6 20. Ra4 Rfa8 21.
Rfa1 Qb7 22. b4 Bd8 23. Nc3 f6 24. Qb3 fxe5 25. dxe5 Rxa4 26. Rxa4 Rxa4 27.
Qxa4 Qd7 28. b5 cxb5 29. Qxb5 d4 1-0

[Event "1er festival tournois fermés EB"]
[Site "?"]
[Date "2013.10.30"]
[Round "6"]
[White "Armentia, Julien"]
[Black "Maisonnet, Emmanuel"]
[Result "1-0"]
[WhiteElo "1637"]
[BlackElo "1694"]
[PlyCount "77"]
[EventDate "2013.??.??"]

1. e4 d6 2. d4 Nf6 3. Nc3 g6 4. f4 Bg7 5. Nf3 O-O 6. Bd3 c5 7. e5 dxe5 8. dxe5
Ng4 9. O-O Nc6 10. h3 c4 11. Bxc4 Qb6+ 12. Kh1 Nf2+ 13. Rxf2 Qxf2 14. Ne4 Qb6
15. Nfg5 Bf5 16. Nxf7 Bxe4 17. Ng5+ Kh8 18. Nxe4 Rad8 19. Bd3 Nb4 20. Qe2 Nxd3
21. cxd3 Qb5 22. Be3 Rxd3 23. Nc5 Rfd8 24. Nxd3 Rxd3 25. Rc1 Qd7 26. Bxa7 Rd2
27. Rc8+ Qxc8 28. Qxd2 Qc7 29. Bc5 e6 30. Qd6 Qc8 31. a4 Kg8 32. g4 Bf8 33.
Qxf8+ Qxf8 34. Bxf8 Kxf8 35. Kg2 Ke7 36. Kf3 Kd7 37. Ke4 Kc6 38. f5 exf5+ 39.
gxf5 1-0

[Event "1er festival tournois fermés EB"]
[Site "?"]
[Date "2013.10.30"]
[Round "7"]
[White "Bordas, Laurent"]
[Black "Sebille Alain"]
[Result "0-1"]
[WhiteElo "1556"]
[BlackElo "1880"]
[PlyCount "50"]

1. d4 Nf6 2. c4 c5 3. d5 g6 4. Nc3 Bg7 5. e4 d6 6. Nf3 O-O 7. Be2 e6 8. O-O
exd5 9. exd5 Re8 10. Bg5 Na6 11. a3 Nc7 12. Qd2 a6 13. Rfe1 Bg4 14. h3 Bxf3 15.
Bxf3 Qd7 16. Rad1 b5 17. cxb5 Nxb5 18. Bxf6 Bxf6 19. Bg4 Qb7 20. Ne4 Be5 21.
Bf3 Nd4 22. Qd3 Qxb2 23. Rb1 Qc2 24. Qe3 f5 25. Ng5 Bh2+ 0-1

[Event "1er festival tournois fermés EB"]
[Site "?"]
[Date "2013.10.30"]
[Round "7"]
[White "Maisonnet, Emmanuel"]
[Black "Armentia , Marc"]
[Result "0-1"]
[WhiteElo "1694"]
[BlackElo "1648"]
[PlyCount "134"]

1. d4 c5 2. d5 e6 3. c4 exd5 4. cxd5 d6 5. Nc3 Nf6 6. e4 g6 7. Nf3 Bg7 8. Bf4
O-O 9. Be2 a6 10. O-O Re8 11. Re1 Nxe4 12. Nxe4 Rxe4 13. Qd2 Qf6 14. Bd3 Rxf4
15. Re8+ Bf8 16. Rxc8 Rxf3 17. Qh6 Nd7 18. Rxa8 Rxd3 19. Re1 Qxb2 20. g3 Rxd5
21. Ree8 Qg7 22. Qxg7+ Kxg7 23. Rad8 Nb6 24. Rxf8 c4 25. Rfe8 c3 26. Re2 Rd1+
27. Kg2 d5 28. Rc2 d4 29. Rxc3 dxc3 30. Rxd1 Na4 31. Kf3 b5 32. Ke3 Nb2 33. Rc1
Kf6 34. Kd4 b4 35. a3 a5 36. axb4 axb4 37. h3 h5 38. f3 g5 39. Re1 c2 40. Rc1
b3 41. Kc3 Nd3 42. Kxd3 b2 43. Kxc2 bxc1=Q+ 44. Kxc1 Kf5 45. Kd2 h4 46. gxh4
gxh4 47. Ke3 Ke5 48. f4+ Kd5 49. Kf3 f5 50. Ke3 Kc4 51. Ke2 Kd4 52. Kd2 Ke4 53.
Ke2 Kxf4 54. Kf2 Ke4 55. Ke2 f4 56. Kf2 Kf5 57. Kf3 Ke5 58. Kf2 Ke4 59. Ke2 f3+
60. Kf2 Kf4 61. Kf1 Kg3 62. Kg1 Kxh3 63. Kf2 Kg4 64. Kf1 Kf4 65. Kf2 h3 66. Kf1
h2 67. Kf2 Kg4 0-1

[Event "1er festival tournois fermés EB"]
[Site "?"]
[Date "2013.10.30"]
[Round "7"]
[White "Alard, Pierre"]
[Black "Armentia, Julien"]
[Result "0-1"]
[WhiteElo "1793"]
[BlackElo "1637"]
[PlyCount "121"]

1. c4 g6 2. d4 Bg7 3. Nc3 Nf6 4. e4 d6 5. h3 O-O 6. Bg5 c5 7. d5 Qa5 8. Qd2 Re8
9. Bd3 e6 10. Nge2 exd5 11. exd5 Nbd7 12. f4 Nh5 13. O-O-O Nb6 14. Kb1 Bd7 15.
g4 Nf6 16. f5 Na4 17. fxg6 fxg6 18. Rhf1 Nxc3+ 19. Nxc3 Rf8 20. Qc2 Nxg4 21.
hxg4 Bxg4 22. Rde1 Qc7 23. Re7 Rxf1+ 24. Bxf1 Qc8 25. Rxg7+ Kxg7 26. Ne4 Bf5
27. Qc3+ Kg8 28. Bd3 Bxe4 29. Bxe4 Qf8 30. Bf6 Re8 31. Bg2 Re2 32. Bh3 Qh6 33.
Bg5 Qf8 34. Be6+ Rxe6 35. dxe6 Qf5+ 36. Qc2 Qxg5 37. Qe2 Kf8 38. a3 Ke7 39. Ka2
Qe5 40. Qg2 Kxe6 41. Qxb7 Qd4 42. Qc8+ Ke5 43. Qe8+ Kf5 44. Qf7+ Kg5 45. Qe7+
Kh6 46. Qf8+ Kh5 47. Qf3+ Qg4 48. Qh1+ Kg5 49. Qd5+ Kh6 50. Qh1+ Qh5 51. Qf1
Qf5 52. Qh1+ Kg7 53. Qb7+ Qf7 54. Qe4 h5 55. a4 Kh6 56. Kb3 g5 57. a5 Qc7 58.
Qe6+ Kg7 59. Qe3 Qxa5 60. Kc2 Qd8 61. Qc3+ 0-1

[Event "1er festival tournois fermés EB"]
[Site "?"]
[Date "2013.10.30"]
[Round "7"]
[White "Perez, Patrick"]
[Black "Merlet, François"]
[Result "1-0"]
[WhiteElo "1837"]
[BlackElo "1635"]
[PlyCount "138"]

1. c4 c6 2. Nf3 d5 3. b3 dxc4 4. bxc4 Nf6 5. g3 g6 6. Nc3 Bg7 7. Rb1 O-O 8. Bg2
Nbd7 9. O-O Nb6 10. d3 Nfd7 11. Qc2 Ne5 12. Ng5 h6 13. Nge4 Ned7 14. Be3 Nf6
15. Nxf6+ exf6 16. Rb4 Nd7 17. Rfb1 f5 18. Bd2 Re8 19. e3 Nc5 20. d4 Ne4 21.
Be1 Nxc3 22. Bxc3 Qe7 23. d5 c5 24. Rb5 Qd6 25. Bxg7 Kxg7 26. Qc3+ Kh7 27. a4
b6 28. a5 Bd7 29. R5b2 Reb8 30. axb6 axb6 31. Rb3 Ra6 32. h4 h5 33. Bf3 Rba8
34. Kg2 R8a7 35. Qb2 Ra2 36. Qc3 R7a6 37. R1b2 Ra1 38. Rxb6 Rg1+ 39. Kxg1 Rxb6
40. Rxb6 Qxb6 41. Qe5 Qd8 42. Qd6 Qc8 43. Qe7 Kg7 44. Qe5+ Kg8 45. Qf6 Qe8 46.
Kg2 Qc8 47. Qg5 Kg7 48. Bxh5 Qe8 49. Bf3 f6 50. Qf4 Qe5 51. Qxe5 fxe5 52. e4
Kf6 53. exf5 gxf5 54. Be2 e4 55. f3 Ke5 56. fxe4 Kxe4 57. h5 Ke5 58. Kf3 Kf6
59. Kf4 Be8 60. g4 fxg4 61. Bxg4 Bf7 62. Be2 Be8 63. Kg4 Bd7+ 64. Kf4 Be8 65.
Bg4 Bf7 66. h6 Kg6 67. d6 Be8 68. d7 Bxd7 69. Bxd7 Kxh6 1-0

[Event "1er festival tournois fermés EB"]
[Site "?"]
[Date "2013.10.30"]
[Round "7"]
[White "Roch, Florian"]
[Black "Boizante, Yvain"]
[Result "1/2-1/2"]
[WhiteElo "1787"]
[BlackElo "2190"]
[PlyCount "125"]

1. e4 c5 2. Nf3 d6 3. d4 cxd4 4. Nxd4 Nf6 5. Nc3 a6 6. Bg5 Nbd7 7. Qd2 e6 8.
Be2 Be7 9. O-O Nc5 10. Bxf6 Bxf6 11. Nb3 O-O 12. Nxc5 dxc5 13. Rad1 Qxd2 14.
Rxd2 b5 15. Rfd1 Bb7 16. Bf3 Bd4 17. a3 Bc6 18. Nb1 Be5 19. c3 Rfc8 20. Rd3 Kf8
21. g3 g5 22. Bg2 Ke7 23. Nd2 h6 24. Nf3 Bg7 25. Ne1 Rd8 26. Rxd8 Rxd8 27. Rxd8
Kxd8 28. Nd3 c4 29. Nb4 Bb7 30. f3 Bf8 31. Nc2 Bc5+ 32. Kf1 Kc7 33. Ke2 Bg1 34.
h3 Bh2 35. Kf2 h5 36. Ne3 h4 37. Nf1 hxg3+ 38. Nxg3 Kd6 39. Bf1 Kc5 40. Kg2
Bxg3 41. Kxg3 Kd6 42. Kg4 f6 43. Bg2 Ke5 44. Bh1 Bc6 45. Bg2 Bd7 46. Bf1 Kd6
47. Kh5 e5 48. Kg6 Ke6 49. Bg2 Be8+ 50. Kh6 Kf7 51. Bh1 Bd7 52. Bg2 Bc6 53. Bh1
Bb7 54. Bg2 Bc8 55. Bf1 Bd7 56. Bg2 Bc6 57. Bh1 Ke6 58. Kg6 a5 59. Bg2 Be8+ 60.
Kh6 Bd7 61. Bf1 Bc6 62. Bg2 Kf7 63. Bh1 1/2-1/2

[Event "1er festival tournois fermés EB"]
[Site "?"]
[Date "2013.10.26"]
[Round "1"]
[White "Armentia, Julien"]
[Black "Sebille, Alain"]
[Result "0-1"]
[WhiteElo "1637"]
[BlackElo "1880"]
[PlyCount "76"]

1. e4 c6 2. d4 d5 3. Nc3 dxe4 4. Nxe4 Nd7 5. Nf3 Ngf6 6. Nxf6+ Nxf6 7. Bd3 Bg4
8. Bf4 e6 9. h3 Bh5 10. g4 Bg6 11. Ne5 Qxd4 12. Bxg6 Qxf4 13. Bxf7+ Ke7 14.
Ng6+ hxg6 15. Bxg6 Nxg4 16. Qe2 Qe5 17. Rd1 Qxe2+ 18. Kxe2 Nf6 19. f4 Rd8 20.
Rde1 Nd5 21. Ref1 Kf6 22. f5 e5 23. h4 Bc5 24. Kf3 Ne3 25. Rc1 Nxf5 26. Bxf5
Kxf5 27. Ke2 Rd4 28. Rcf1+ Rf4 29. Rxf4+ exf4 30. c3 g5 31. b4 Be3 32. h5 g4
33. h6 Kg6 34. Rh4 g3 35. Kf3 Rxh6 36. Rg4+ Kf5 37. Rg7 Rh2 38. Rf7+ Ke6 0-1

[Event "1er festival tournois fermés EB"]
[Site "?"]
[Date "2013.10.31"]
[Round "8"]
[White "Armentia, Julien"]
[Black "Perez, Patrick"]
[Result "1-0"]
[WhiteElo "1637"]
[BlackElo "1807"]
[PlyCount "69"]

1. e4 g6 2. d4 Bg7 3. c4 d6 4. Nc3 e6 5. Be3 Ne7 6. Qd2 h6 7. Nf3 a6 8. a4 b6
9. Be2 Bb7 10. d5 e5 11. O-O Bc8 12. b4 Bg4 13. h3 Bxf3 14. Bxf3 a5 15. c5 axb4
16. cxd6 bxc3 17. dxe7 Qxe7 18. Qxc3 O-O 19. Rfc1 Rc8 20. Bxb6 Nd7 21. Bxc7 Bf8
22. d6 Qf6 23. Qc6 Qe6 24. Bg4 f5 25. Be2 Kh7 26. Bb5 Bxd6 27. Qxd6 Qxd6 28.
Bxd6 Nf6 29. exf5 gxf5 30. Bxe5 Ne4 31. Rxc8 Rxc8 32. Bd7 Rf8 33. a5 Kg6 34. a6
Rd8 35. a7 1-0

[Event "1er festival tournois fermés EB"]
[Site "?"]
[Date "2013.10.31"]
[Round "8"]
[White "Armentia, Marc"]
[Black "Alard, Pierre"]
[Result "1-0"]
[WhiteElo "1648"]
[BlackElo "1793"]
[PlyCount "73"]

1. e4 e6 2. d4 d5 3. Bd3 dxe4 4. Bxe4 Be7 5. Ne2 Nf6 6. Bf3 O-O 7. O-O c5 8.
Nbc3 cxd4 9. Nxd4 Nbd7 10. Be3 Nb6 11. Ndb5 Nbd5 12. Nxd5 exd5 13. Nxa7 Be6 14.
Nb5 Bd7 15. Nd4 Re8 16. Qd3 Bg4 17. Bxg4 Nxg4 18. Nf5 Bf6 19. c3 Qc7 20. g3 g6
21. Bf4 Qd7 22. Ne3 Ne5 23. Bxe5 Rxe5 24. Rfe1 Rae8 25. Ng2 Rxe1+ 26. Rxe1
Rxe1+ 27. Nxe1 Qe6 28. Nf3 d4 29. cxd4 Qxa2 30. Qb5 Qb1+ 31. Kg2 Qe4 32. d5 b6
33. Qxb6 Kg7 34. d6 g5 35. d7 g4 36. Qxf6+ Kxf6 37. d8=Q+ 1-0

[Event "1er festival tournois fermés EB"]
[Site "?"]
[Date "2013.10.31"]
[Round "8"]
[White "Merlet, François"]
[Black "Bordas, Laurent"]
[Result "1-0"]
[WhiteElo "1635"]
[BlackElo "1556"]
[PlyCount "73"]

1. d4 d5 2. Nf3 Nf6 3. Bg5 e6 4. e3 Nbd7 5. Nbd2 c5 6. c3 a6 7. Bd3 Be7 8. O-O
O-O 9. Re1 b5 10. Qe2 Bb7 11. h3 Qb6 12. Ne5 Rfe8 13. Qf3 Nxe5 14. dxe5 Nd7 15.
Qg3 Bxg5 16. Qxg5 Rac8 17. Nf3 h6 18. Qg3 c4 19. Bc2 Nc5 20. Nd4 Qc7 21. f4 Kh8
22. Rf1 Rg8 23. Qh4 Nd3 24. Bxd3 cxd3 25. Rfd1 Qc4 26. Qe7 Rc7 27. Qb4 Rgc8 28.
Rd2 Qxb4 29. cxb4 Rc4 30. b3 Rc1+ 31. Rxc1 Rxc1+ 32. Kf2 Rb1 33. Rxd3 Rb2+ 34.
Kg3 Kg8 35. Rc3 Kh7 36. Rc7 Ba8 37. Ra7 1-0

[Event "1er festival tournois fermés EB"]
[Site "?"]
[Date "2013.10.31"]
[Round "8"]
[White "Boizante, Yvain"]
[Black "Sebille, Alain"]
[Result "1-0"]
[WhiteElo "2190"]
[BlackElo "1880"]
[PlyCount "71"]

1. e4 c6 2. d4 d5 3. e5 Bf5 4. h4 h6 5. g4 Bd7 6. Bd3 e6 7. c3 c5 8. Nf3 Nc6 9.
dxc5 Bxc5 10. b4 Bb6 11. Qe2 Qc7 12. Nbd2 Nge7 13. h5 O-O-O 14. a4 a5 15. b5
Na7 16. O-O Kb8 17. Ba3 Nac8 18. c4 dxc4 19. Bxc4 Bc5 20. Bxc5 Qxc5 21. Ne4 Qb6
22. Rfd1 Nd5 23. Rac1 g6 24. hxg6 fxg6 25. Nf6 Nce7 26. Qe4 Bc8 27. Qd4 Rhf8
28. Bb3 Ka8 29. Bxd5 Qxd4 30. Bxb7+ Bxb7 31. Nxd4 Nd5 32. Nxe6 Rxf6 33. exf6
Rd7 34. Nc5 Rd8 35. Nxb7 Kxb7 36. f7 1-0

[Event "1er festival tournois fermés EB"]
[Site "?"]
[Date "2013.10.31"]
[Round "8"]
[White "Roch, Florian"]
[Black "Maisonnet, Emmanuel"]
[Result "1-0"]
[WhiteElo "1787"]
[BlackElo "1694"]
[PlyCount "143"]

1. Nf3 Nf6 2. g3 g6 3. Bg2 Bg7 4. O-O d5 5. d3 O-O 6. c4 c5 7. Qc2 Nc6 8. cxd5
Nxd5 9. Qxc5 Na5 10. Nc3 Nxc3 11. bxc3 b6 12. Qa3 Bb7 13. Bb2 Qc7 14. c4 e5 15.
Qc3 Rfe8 16. Rac1 Rac8 17. Ne1 Nc6 18. e3 f5 19. Bd5+ Kh8 20. Ng2 Qd7 21. f4 b5
22. Qd2 bxc4 23. Bxc4 e4 24. Bxg7+ Qxg7 25. d4 Ne7 26. Bb5 Bc6 27. Bxc6 Rxc6
28. Qa5 Rec8 29. Rxc6 Nxc6 30. Qa6 Qd7 31. Rc1 Rc7 32. Qa3 Qd8 33. Qc5 a5 34.
d5 Rd7 35. Qxc6 Rxd5 36. Qc3+ Kg8 37. Qb3 Kf8 38. Qc2 Ke8 39. Qc6+ Kf8 40. Qc8
Rd1+ 41. Kf2 Rd2+ 42. Kf1 Qxc8 43. Rxc8+ Kg7 44. a4 Ra2 45. Rc4 Kf6 46. h4 h5
47. Ne1 Ke6 48. Rd4 Rb2 49. Rc4 Ra2 50. Rc6+ Kd5 51. Rxg6 Rxa4 52. Rg5 Ra1 53.
Rxf5+ Kc4 54. Rxh5 Kc3 55. Re5 a4 56. Rxe4 a3 57. Ra4 a2 58. Ke2 Kb3 59. Ra8
Kb2 60. Ng2 Rc1 61. Rxa2+ Kxa2 62. h5 Rh1 63. Nh4 Rb1 64. Kf3 Rb7 65. Kg4 Rg7+
66. Ng6 Kb3 67. Kg5 Kc4 68. e4 Kc5 69. Kf6 Rh7 70. g4 Kd6 71. e5+ Kc5 72. e6
1-0

[Event "1er fastival tournois fermés EB"]
[Site "?"]
[Date "2013.11.01"]
[Round "9"]
[White "Alard, Pierre"]
[Black "Florian, Roch"]
[Result "0-1"]
[WhiteElo "1793"]
[BlackElo "1787"]
[PlyCount "106"]

1. d4 Nf6 2. Nf3 b6 3. g3 Bb7 4. Bg2 e6 5. O-O Be7 6. c4 O-O 7. Nc3 Ne4 8. Qc2
Nxc3 9. Qxc3 f5 10. Ne5 Bxg2 11. Kxg2 Bf6 12. Nf3 c5 13. e3 Nc6 14. Rd1 Rc8 15.
Qc2 cxd4 16. exd4 Qe7 17. Bf4 Na5 18. b3 d5 19. Rac1 dxc4 20. bxc4 Rxc4 21. Qe2
Rfc8 22. Rxc4 Rxc4 23. d5 exd5 24. Qxe7 Bxe7 25. Rxd5 g6 26. Rd7 Nc6 27. Rc7
Bf6 28. Rc8+ Kf7 29. Ng5+ Bxg5 30. Bxg5 Ne5 31. Rh8 Kg7 32. Rb8 Ra4 33. Rb7+
Nf7 34. Be3 Kf6 35. Bf4 Rxa2 36. Bb8 Nd8 37. Rd7 Nf7 38. Bxa7 Ke6 39. Rb7 b5
40. Bd4 Rd2 41. Be3 Rb2 42. Bf4 b4 43. Rb6+ Kd5 44. h4 b3 45. Rf6 Ne5 46. Rb6
Ng4 47. Rb7 Rxf2+ 48. Kg1 Kc4 49. Rxh7 Rc2 50. Rc7+ Kd3 51. Rb7 b2 52. Rd7+ Ke2
53. Re7+ Kf3 0-1

[Event "1er festival tournois fermés EB"]
[Site "?"]
[Date "2013.11.01"]
[Round "9"]
[White "Perez, Patrick"]
[Black "Armentia, Marc"]
[Result "1-0"]
[WhiteElo "1807"]
[BlackElo "1648"]
[PlyCount "93"]

1. c4 e5 2. g3 c6 3. Bg2 d5 4. b3 Nf6 5. Bb2 Bd6 6. d3 Qa5+ 7. Nd2 O-O 8. a3
dxc4 9. b4 Qd8 10. Nxc4 Re8 11. Nxd6 Qxd6 12. Qc2 Bf5 13. Rd1 Qe7 14. e3 e4 15.
d4 Nd5 16. Ne2 a5 17. bxa5 Rxa5 18. h3 c5 19. O-O Nc6 20. Rd2 cxd4 21. Nxd4
Nxd4 22. Rxd4 Nf6 23. Rfd1 Qc5 24. Qd2 Raa8 25. Kh2 Rac8 26. Rc1 Qe7 27. Rxc8
Rxc8 28. Rd6 Ne8 29. Rd5 Bg6 30. Rd7 Qc5 31. Rxb7 Nf6 32. Bxf6 gxf6 33. Qb2 Re8
34. Rb8 Rc8 35. Rxc8+ Qxc8 36. a4 f5 37. a5 f4 38. gxf4 Bf5 39. Bf1 Be6 40. a6
Qa8 41. Qb7 Bd5 42. Qxa8+ Bxa8 43. f5 Kg7 44. Kg3 Kf6 45. Kf4 Bc6 46. Bg2 Bb5
47. a7 1-0

[Event "1er festival tournois fermés EB"]
[Site "?"]
[Date "2013.11.01"]
[Round "9"]
[White "Sebille, Alain"]
[Black "Merlet, François"]
[Result "1-0"]
[WhiteElo "1880"]
[BlackElo "1635"]
[PlyCount "53"]

1. d4 d5 2. c4 e6 3. Nc3 c6 4. Nf3 Nf6 5. Bg5 Nbd7 6. e3 Qa5 7. Bxf6 Nxf6 8. a3
Ne4 9. Qb3 Nxc3 10. bxc3 Qb6 11. Qc2 Be7 12. Bd3 g6 13. Ne5 Qd8 14. O-O Bd6 15.
f4 f5 16. a4 Bxe5 17. fxe5 Bd7 18. cxd5 cxd5 19. c4 Rc8 20. Qb3 Qc7 21. Rfc1
Qb6 22. Qxb6 axb6 23. cxd5 Rxc1+ 24. Rxc1 exd5 25. Bb5 Ke7 26. Rc7 Rd8 27. Rxb7
1-0

[Event "1er festival tournois fermés EB"]
[Site "?"]
[Date "2013.11.01"]
[Round "9"]
[White "Maisonnet, Emmanuel"]
[Black "Boizante, Yvain"]
[Result "0-1"]
[WhiteElo "1694"]
[BlackElo "2190"]
[PlyCount "90"]

1. d4 Nf6 2. c4 c5 3. d5 g6 4. Nc3 Bg7 5. e4 O-O 6. Nf3 d6 7. Bd3 e6 8. O-O
exd5 9. cxd5 a6 10. a4 Re8 11. Re1 Nbd7 12. Qc2 Ng4 13. Bf4 Nde5 14. Be2 f5 15.
Ng5 Qf6 16. Ne6 Bxe6 17. dxe6 Qxe6 18. exf5 Qxf5 19. Qxf5 gxf5 20. Nd5 Rac8 21.
Bd2 Kh8 22. Bc3 Ng6 23. Bxg7+ Kxg7 24. Bd3 Nh6 25. Nb6 Rcd8 26. Nd5 Re5 27. Nc3
d5 28. Rad1 d4 29. Rxe5 Nxe5 30. Bb1 Rd7 31. Ne2 Kf6 32. b3 b5 33. axb5 axb5
34. b4 d3 35. Nc3 cxb4 36. Nxb5 d2 37. Kf1 Nc4 38. Bc2 Nb2 39. Ke2 Nxd1 40.
Kxd1 Ng4 41. Ke2 Nxf2 42. Kxf2 d1=Q 43. Bxd1 Rxd1 44. Ke2 Rd7 45. Ke3 Ke5 0-1

[Event "1er festival tournois fermés EB"]
[Site "?"]
[Date "2013.11.01"]
[Round "9"]
[White "Bordas, Laurent"]
[Black "Armentia, Julien"]
[Result "1/2-1/2"]
[WhiteElo "1556"]
[BlackElo "1637"]
[PlyCount "132"]

1. d4 Nf6 2. Nf3 g6 3. c4 Bg7 4. Nc3 O-O 5. e4 d6 6. Bd3 e5 7. d5 a5 8. O-O Na6
9. Be3 Ng4 10. Bd2 Nc5 11. Bc2 f5 12. exf5 Bxf5 13. Bxf5 Rxf5 14. h3 Nf6 15.
Ng5 Nfd7 16. Nce4 Nxe4 17. Nxe4 Qh4 18. Qe2 b6 19. a4 Rff8 20. Bg5 Qh5 21. Qd2
Bf6 22. Bh6 Bg7 23. Bxg7 Kxg7 24. Ng5 Nc5 25. Ne6+ Nxe6 26. dxe6 Rae8 27. Qd5
Rf6 28. Qc6 Re7 29. b4 axb4 30. Qb5 Rfxe6 31. Qxb4 Qe2 32. a5 bxa5 33. Rxa5 Rf6
34. Qb3 Ref7 35. Ra2 Qe4 36. Rd2 c6 37. Qa2 Rd7 38. Re2 Qd4 39. Qc2 d5 40. cxd5
cxd5 41. Qc8 Rff7 42. Ra2 Ra7 43. Rxa7 Qxa7 44. Qe6 Qd4 45. Qd6 e4 46. Qa3 Qd2
47. Qg3 Qd4 48. Qb3 Qc4 49. Qb8 Qc3 50. Qe8 Qf6 51. Kh1 Re7 52. Qb5 d4 53. f4
exf3 54. Rxf3 Re1+ 55. Kh2 Qe5+ 56. Qxe5+ Rxe5 57. Rd3 Rd5 58. Kg3 Kf6 59. Kf4
g5+ 60. Ke4 Ke6 61. Rxd4 Ra5 62. Kf3 Ke5 63. Rd3 h5 64. Re3+ Kf5 65. g4+ hxg4+
66. hxg4+ Kf6 1/2-1/2